000 00498nam a2200193Ia 4500
008 151121s9999||||xx |||||||||||||| ||und||
082 _a823-/Mac
082 _bHNW-69022
100 _aMaclehose Christophers
245 _aLeopard --III Frontiers
260 _bHarvill Pubą„¤ London
260 _c--
300 _a339
600 _aMaclehose Christophers
630 _aLeopard --III Frontiers
700 _aMaclehose Christophers
730 _aLeopard --III Frontiers
942 _cBOOK
999 _c1250511
_d1250508